| 000 | 00319nam a2200121Ia 4500 | ||
|---|---|---|---|
| 008 | 240731s9999 xx 000 0 und d | ||
| 022 | _a2380-2057 | ||
| 245 | 0 | _aJournal of Computer Information Systems | |
| 260 | _bTaylor & Francis | ||
| 856 | _uhttps://www.tandfonline.com/loi/ucis20 | ||
| 942 | _2ddc | ||
| 942 | _cTFEJ | ||
| 999 |
_c77566 _d77566 |
||
| 945 |
_a1 _bMadushi Gamage _c1 _dMadushi Gamage |
||